00325nam a2200121Ia 4500008004100000041000800041082001400049100001900063245003800082250001400120260003800134300003100172240624s9999 xx 000 0 und d aeng a658.8 HUT aHUTT MICHAEL D aBUSINESS MARKETING MANAGEMENT B2B a(9th ed.) c2007aNew DelhibCengage Learning axxx, : 658 : p. : cm. ; 25